Where Did These 2022-2023 Players Play Before Joining Leeds United - Statistics

General Stats
  • This quiz has been taken 33 times
  • The average score is 19 of 41
Answer Stats
Player Nationality Position Year Joined Answer % Correct
Junior Firpo Spain DF 2021 Barcelona
82%
Weston McKennie(On loan at Leeds) USA MF 2023 Juventus
68%
Jack Harrison England MF 2018 Manchester City
64%
Rodrigo Spain FW 2020 Valencia
64%
Marc Roca Spain MF 2022 Bayern Munich
61%
Archie Gray England MF 2021 Leeds(Academy)
61%
Daniel James Wales MF 2021 Manchester United
61%
Brenden Aaronson USA MF 2022 Red Bull Salzburg
61%
Illan Meslier France GK 2019 Lorient
57%
Tyler Adams USA MF 2022 RB Leipzig
57%
Maximilian Wöber Austria DF 2023 Red Bull Salzburg
57%
Hélder Costa Angola MF 2019 Wolverhampton
57%
Luis Sinisterra Colombia MF 2022 Feyenoord
54%
Alfie McCalmont Northern Ireland MF 2018 Leeds(Academy)
54%
Stuart McKinstry Scotland MF 2021 Leeds(Academy)
54%
Jamie Shackleton England MF 2018 Leeds(Academy)
54%
Patrick Bamford England FW 2018 Middlesbrough
54%
Stuart Dallas Northern Ireland DF 2015 Brentford
50%
Charlie Cresswell England DF 2020 Leeds(Academy)
50%
Jack Jenkins England MF 2020 Leeds(Academy)
50%
Rasmus Kristensen Denmark DF 2022 Red Bull Salzburg
50%
Cody Drameh England DF 2021 Leeds(Academy)
46%
Sam Greenwood England MF 2021 Leeds(Academy)
46%
Robin Koch Germany DF 2020 SC Freiburg
46%
Georginio Rutter France FW 2023 TSG 1899 Hoffenheim
46%
Luke Ayling England DF 2016 Bristol City
43%
Wilfried Gnonto Italy FW 2022 FC Zürich
39%
Crysencio Summerville Netherlands MF 2020 Feyenoord
39%
Darko Gyabi England MF 2022 Manchester City
39%
Lewis Bate England MF 2021 Chelsea(Academy)
36%
Adam Forshaw England MF 2018 Middlesbrough
36%
Joel Robles Spain GK 2022 Real Betis
36%
Pascal Struijk Netherlands DF 2018 Leeds(Academy)
32%
Tyler Roberts Wales FW 2018 West Bromwich Albion
32%
Sonny Perkins England FW 2022 West Ham United
29%
Joe Gelhardt England FW 2020 Wigan Athletic
29%
Ian Poveda England MF 2020 Manchester City
25%
Liam Cooper Scotland DF 2014 Chesterfield
21%
Kristoffer Klaesson Norway GK 2021 Vålerenga Fotball
18%
Leo Hjelde Norway DF 2021 Celtic
14%
Diego Llorente Spain DF 2020 Real Sociadad
0%
No matching quizzes found
Score Distribution
Percent of People with Each Score
Percentile by Number Answered
Your Score History
You have not taken this quiz